Effect of irrigation, soil and moisture conservation on growth and yield of rubber (Record no. 57920)

MARC details
000 -LEADER
fixed length control field 00509nam a2200133Ia 4500
100 ## - MAIN ENTRY--AUTHOR NAME
Personal name Jessy M D
245 #0 - TITLE STATEMENT
Title Effect of irrigation, soil and moisture conservation on growth and yield of rubber
260 ## - PUBLICATION, DISTRIBUTION, ETC. (IMPRINT)
Name of publisher In: Water management for plantation crops: Problems and prospects. (Ed. K.V. Satheesan). Centre for Water Resources Development and Management, Kozhikode, Kerala.
Year of publication 1994
300 ## - PHYSICAL DESCRIPTION
Number of Pages 93-96
700 ## - ADDED ENTRY--PERSONAL NAME
Personal name George S
700 ## - ADDED ENTRY--PERSONAL NAME
Personal name Mathew M
942 ## - ADDED ENTRY ELEMENTS (KOHA)
Koha item type Journals
Holdings
Withdrawn status Lost status Damaged status Not for loan Home library Current library Shelving location Date acquired Koha item type
      Journals RRII Library RRII Library Soils and agonomy 17/12/2021 Journals